| 000 | 00353nam a2200121 a 4500 | ||
|---|---|---|---|
| 005 | 20140513081053.0 | ||
| 008 | 090910s19uu xx 00 eng d | ||
| 050 |
_aKit _bLEA 1982 |
||
| 245 |
_aLearning Subtraction with Nimble Numbers / _cTamblyn, Larry. |
||
| 260 |
_aCalifornia : _bSuperscope, _c1982. |
||
| 440 | _aTele - story presents | ||
| 999 |
_c116395 _d116395 |
||